书目信息 |
| 题名: |
中国楷书大字典
|
|
| 作者: | 严庆祥 , 范韧庵 编 | |
| 分册: | ||
| 出版信息: | 南京 江苏古籍出版社 1985 |
|
| 页数: | 1257,22页 | |
| 开本: | 26cm | |
| 丛书名: | ||
| 单 册: | ||
| 中图分类: | J292.33 | |
| 科图分类: | ||
| 主题词: | 楷书--书法 , 楷书--法书 | |
| 电子资源: | ||
| ISBN: | ||
| 000 | 00700nam0 2200253 45 | |
| 001 | 0185009239 | |
| 005 | 20050427094000.5 | |
| 010 | @b精装@dCNY38.00 | |
| 091 | @a17354.007 | |
| 100 | @a19900918d1985 em y0chiy0121 ea | |
| 101 | 0 | @achi |
| 102 | @aCN@b320000 | |
| 105 | @ay z 000yy | |
| 200 | 10 | @a中国楷书大字典@Azhong guo kai shu da zi dian@f严庆祥,范韧庵编@FYan Qing Xiang,Fan Ren An Bian |
| 210 | @a南京@c江苏古籍出版社@d1985 | |
| 215 | @a1257,22页@d26cm | |
| 606 | 0 | @a楷书@x书法 |
| 606 | 0 | @a楷书@x法书 |
| 690 | @aJ292.33@v3 | |
| 701 | 0 | @a严庆祥@4编 |
| 701 | 0 | @a范韧庵@4编 |
| 801 | 0 | @aCN@b深圳图书馆@c20050427 |
| 801 | 2 | @aCN@bNLC@c20050427 |
| 905 | @f1@b150357@dJ292.33@e113 | |
| 中国楷书大字典/严庆祥,范韧庵编.-南京:江苏古籍出版社,1985 |
| 1257,22页;26cm |
| ISBN (精装):CNY38.00 |
| ● |
| 相关链接 |
|
|
|
|
正题名:中国楷书大字典
索取号:J292.33/113
 
预约/预借
| 序号 | 登录号 | 条形码 | 馆藏地/架位号 | 状态 | 备注 |
| 1 | 0150357 | 000696875 | 工具书阅览室/ [索取号:J292.33/113] | 在馆 | |
| 2 | 0150358 | 202111678 | 第一样本阅览室/ [索取号:J292.33/113] | 在馆 |